|
|
|
|
| LEADER |
00768nam a2200241 a 4500 |
| 001 |
000630548 |
| 003 |
CZ BrMZK |
| 005 |
20040624142305.0 |
| 007 |
ta |
| 008 |
021015s1966 xr f jpn d |
| 040 |
|
|
|a BOA001
|b cze
|c BOA001
|
| 041 |
1 |
|
|a jpn
|h cze
|
| 100 |
1 |
|
|a Sadil, Josef,
|d 1919-1971
|7 jk01110252
|4 aut
|
| 245 |
1 |
4 |
|a The moon and the planets /
|c Josef Sadil, Luděk Pešek
|
| 260 |
|
|
|a [Prague] :
|b Artia,
|c 1966
|
| 300 |
|
|
|a 184 s.
|
| 500 |
|
|
|a Překlad z češtiny
|
| 500 |
|
|
|a Název podle tiráže
|
| 500 |
|
|
|a Název a text knihy pouze japonsky
|
| 700 |
1 |
|
|a Pešek, Luděk,
|d 1919-1999
|7 jk01092650
|4 ill
|
| 910 |
|
|
|a BOA001
|b 4-0562.236
|
| 990 |
|
|
|a BK
|
| 996 |
6 |
|
|b 2619299416
|c 4-0562.236
|l MZK
|r Sklad / do 1 hodiny
|n 1
|w 000630548
|u 000010
|a 1
|e BOA001
|j MZK50
|s P
|